Normal view
MARC view
- Bangladesh Bar Council
Entry Personal Name
001 - CONTROL NUMBER
- control field: 5726
003 - CONTROL NUMBER IDENTIFIER
- control field: OSt
005 - DATE AND TIME OF LATEST TRANSACTION
- control field: 20240308065820.0
008 - FIXED-LENGTH DATA ELEMENTS
- fixed length control field: 240308|| aca||aabn | a|a d
040 ## - CATALOGING SOURCE
- Original cataloging agency: OSt
- Transcribing agency: OSt
100 ## - HEADING--PERSONAL NAME
- Personal name: Bangladesh Bar Council
670 ## - SOURCE DATA FOUND
- Source citation: Work cat.: (OSt)7252: Bangladesh Bar Council, The Bangladesh Legal Practitioners and Bar Council Order and Rules, 1972 With Benevolent Fund Rules & Relief Fund Rules, Rules for Registration of Advocates' Clerks, Special Fund Rules and Canons of Professional Conduct & Etiquette As amended Up-to September, 2008, c2008
